LIBRARY & INFORMATION CENTRE, KCAET, TAVANUR

ONLINE PUBLIC ACCESS CATALOGUE (OPAC)

Urban Drainage Systems / (Record no. 7050)

MARC details
000 -LEADER
fixed length control field 00383cam a2200157ua 4500
020 ## - INTERNATIONAL STANDARD BOOK NUMBER
ISBN 0273085964
082 ## - DEWEY DECIMAL CLASSIFICATION NUMBER
Classification number 628.212
Item number FEA/UR
100 ## - MAIN ENTRY--AUTHOR NAME
Personal name .
245 ## - TITLE STATEMENT
Title Urban Drainage Systems /
250 ## - EDITION STATEMENT
Edition statement 1 /
260 ## - PUBLICATION, DISTRIBUTION, ETC. (IMPRINT)
Place of publication UK :
Name of publisher Computational Mechanics Centre ,
Year of publication 1982.
300 ## - PHYSICAL DESCRIPTION
Number of Pages 186 ; .
700 1# - ADDED ENTRY--PERSONAL NAME
Personal name Featherstone, R E
700 1# - ADDED ENTRY--PERSONAL NAME
Personal name James, A .
942 ## - ADDED ENTRY ELEMENTS (KOHA)
Koha item type Reference
Holdings
Withdrawn status Lost status Damaged status Collection code Home library Current library Shelving location Date acquired Full call number Accession Number Koha item type
      Reference KAUAET KAUAET Reference 19/08/1986 628.212.FEA/UR 15374 Reference
free website counter